000 00748cam a2200289 4500
008 090401t1996 xxu||||| |||| 00| 0 eng d
020 _a0860174255
035 _a(Sirsi) u57115
041 _aeng
050 _a624.1513
100 _aJewell, R.A.
245 _aSoil reinforcement with geotextiles.
260 _aLondon
_bCIRIA
_c1996
300 _axxiv,332p. ; 24cm.
350 _a72
490 _aCIRIA Special Report
_v123
650 _aEMBANKMENTS
650 _aGEOTEXTILES
650 _aPOLYMERS
650 _aREINFORCEMENT
650 _aSOIL MECHANICS
650 _aSOIL
690 _aBUILT ENVIRONMENT
710 _aConstruction Industry Research and Information Association
_94810
942 _n0
948 _c04/03/1997
999 _c93890
_d93890